Wizarding World: Divided Name Puzzle #2 - Statistics

General Stats
  • This quiz has been taken 424 times
  • The average score is 13 of 20
Answer Stats
Last Name % Correct
HUFF LEP UFF Hufflepuff
99%
RAV EN CLAW Ravenclaw
99%
GRY FFI NDOR Gryffindor
98%
SLY THE RIN Slytherin
96%
SLUG HO RN Slughorn
93%
UMB RID GE Umbridge
86%
FLI TWI CK Flitwick
80%
POM FR EY Pomfrey
77%
CATT ER MOLE Cattermole
66%
SKE ET ER Skeeter
66%
MCL AGG EN McLaggen
63%
FLET CH ER Fletcher
62%
FIN NI GAN Finnigan
51%
EDGE COM BE Edgecombe
47%
GRE YB ACK Greyback
38%
CA RR OW Carrow
36%
JO RD AN Jordan
34%
CR OU CH Crouch
32%
BA GM AN Bagman
27%
MA XI ME Maxime
22%
No matching quizzes found
Score Distribution
Percent of People with Each Score
Percentile by Number Answered
Your Score History
You have not taken this quiz